Executive time management : Setting 12 hours' and out of an 8-hour day
| Main Author: | |
|---|---|
| Format: | Book |
| Published: |
Aldershot :
Gower ,
1981
|
| Subjects: |
MARC
| LEADER | 00000cam a2200000 7i4500 | ||
|---|---|---|---|
| 001 | 0000000434 | ||
| 005 | 20050509.0 | ||
| 020 | |a 0566022974 | ||
| 040 | |a INS | ||
| 090 | 0 | 0 | |a HD38. |b R44 1984 |
| 100 | 1 | |a Reynolds, Helen | |
| 245 | 1 | 0 | |a Executive time management : |b Setting 12 hours' and out of an 8-hour day |c Helen Reynolds and Mary E. Tramel |
| 260 | |a Aldershot : |b Gower , |c 1981 | ||
| 300 | |a xiv, 174p. : |b ill ; |c 22 cm. | ||
| 650 | 0 | 0 | |a Executives |x Time management |
| 999 | |a 0000000259 |b BOOK |c Open Shelf |e Default branch | ||